Countries Without the Letters in "OMAN" - Statistics

General Stats
  • This quiz has been taken 14 times
    3 since last reset
  • The average score is 3 of 9
Answer Stats
Continents Countries % Correct
Africa Egypt
100%
South America Chile
50%
Oceania Fiji
50%
Europe Greece
50%
Africa Seychelles
50%
North America Belize
0%
Asia Cyprus
0%
South America Peru
0%
Asia Turkey
0%
No matching quizzes found
Score Distribution
Percent of People with Each Score
Percentile by Number Answered
Your Score History
You have not taken this quiz since the last reset